[Event "Bayern 1-Württemberg 1"]
[Site "Templin"]
[Date "2017.09.28"]
[Round "4.4"]
[White "Seibold, Hubert, Dr."]
[Black "Gerstenberger, Heinz"]
[Result "1/2-1/2"]
[BlackElo "2119"]
[BlackTeam "Württemberg 1"]
[Board "4"]
[WhiteElo "2130"]
[WhiteTeam "Bayern 1"]

1. e4 c5 2. c3 e6 3. Nf3 d5 4. exd5 exd5 5. d4 Nc6 6. Be2 Bd6 7. dxc5 Bxc5 8.
O-O  Nge7 9. Nbd2 O-O   10. Nb3 Bb6 11. Nbd4 Bg4 12. Be3 Re8 13. h3
Bh5 14. Qd2 Na5 15. b3 Rc8 16. Rfe1 a6 17. Rac1 Bc7 18. Bf4 Nac6 19. Bf1 Ba5
20. Nxc6 Rxc6 21. Nd4 Rc8 22. Bg5 Qd7 23. Bxe7 Rxe7 24. Rxe7 Qxe7 25. Nf5 Qf6
26. Qxd5 Bb6 27. Qd7 Rd8 28. Re1 Kf8 29. Qe7+ Qxe7 30. Rxe7 Rb8 31. Rd7 Ke8 32.
Rd5 Bg6 33. Nxg7+ Ke7 34. Nf5+ Bxf5 35. Rxf5 Rd8 36. Bc4 f6 37. a4 Rd2 38. g4
h6 39. Kg2 Rc2 40. Rf3 Ba5 41. Re3+ Kf8 42. Re6 Bxc3 43. Rb6 Rxf2+ 44. Kg3 Be5+
45. Kh4 a5 46. Rxb7 Rf3 47. Ra7 Bc3 48. Kh5 Rxh3+ 49. Kg6 Ke8 50. Rh7 Rh2 51.
Be6 Kd8 52. Rd7+ Ke8 53. Rc7 Be5 54. Rc5 Ke7 55. Bf5 Rh3 56. Rxa5 Rxb3 57. Ra7+
Kd6 58. a5 Ra3 59. a6 Kc6 60. Bc8 Bc7 61. Bb7+ Kb6 62. Ra8 Ra4 63. Kf5 Rd4 64.
Rh8 Bd8 65. Rxh6 Ka7 66. Rxf6 Bxf6 67. Kxf6  1/2-1/2

[Event "Brandenburg 1-Niedersachsen"]
[Site "Templin"]
[Date "2017.09.28"]
[Round "4.1"]
[White "Schrüfer, Günther, Dr."]
[Black "Walter, Günter"]
[Result "1/2-1/2"]
[BlackElo "2158"]
[BlackTeam "Brandenburg 1"]
[Board "1"]
[WhiteElo "2205"]
[WhiteTeam "Niedersachsen"]

1. e4 c5 2. Nf3 e6 3. d4 cxd4 4. Nxd4 Nf6 5. Nc3 d6 6. Bc4 Be7 7. O-O  O-O
 8. Bb3 Na6 9. f4 Nc5 10. Qf3 d5 11. e5 Nfe4 12. Nxe4 dxe4 13. Qf2 Nxb3 14.
axb3 Bc5 15. Be3 Bd7 16. Ne2 Bxe3 17. Qxe3 Bc6 18. Nc3 f5 19. Rxa7 Rxa7 20.
Qxa7 g5 21. Rd1 Qe7 22. Qe3 gxf4 23. Qxf4 Qc5+ 24. Kh1 b5  1/2-1/2

[Event "Brandenburg 1-Niedersachsen"]
[Site "Templin"]
[Date "2017.09.28"]
[Round "4.2"]
[White "Walkewitz, Hubert"]
[Black "Nimtz, Manfred, Dr."]
[Result "1-0"]
[BlackElo "2184"]
[BlackTeam "Niedersachsen"]
[Board "2"]
[WhiteElo "2134"]
[WhiteTeam "Brandenburg 1"]

1. f4 c5 2. Nf3 Nc6 3. b3 Nf6 4. e3 g6 5. Bb2 Bg7 6. Bb5 O-O  7. O-O 
Qc7 8. a4 b6 9. Qe1 Bb7 10. Bxc6 Qxc6 11. d3 a6 12. Nbd2 b5 13. e4 d6 14. Qh4
Rfe8 15. a5 Nxe4 16. Nxe4 Bxb2 17. Rae1 Bg7 18. f5 d5 19. fxg6 fxg6 20. Neg5 h6
21. Re6 Qc7 22. Rxg6  1-0

[Event "Brandenburg 1-Niedersachsen"]
[Site "Templin"]
[Date "2017.09.28"]
[Round "4.3"]
[White "Clemens, Christian, Dr."]
[Black "Jandke, Manfred"]
[Result "1/2-1/2"]
[BlackElo "2147"]
[BlackTeam "Brandenburg 1"]
[Board "3"]
[WhiteElo "2232"]
[WhiteTeam "Niedersachsen"]

1. g3 d5 2. Nf3 Nf6 3. Bg2 Bf5 4. c4 c6 5. cxd5 Nxd5 6. O-O  e6 7. d3 Nb6 8.
Nc3 Be7 9. e4 Bg4 10. Be3 N6d7 11. h3 Bh5 12. Qe2 O-O  13. g4 Bg6 14. Rad1
Qc7  1/2-1/2

[Event "Brandenburg 1-Niedersachsen"]
[Site "Templin"]
[Date "2017.09.28"]
[Round "4.4"]
[White "Kuhne, Detlev"]
[Black "Grimm, Uwe"]
[Result "1/2-1/2"]
[BlackElo "2090"]
[BlackTeam "Niedersachsen"]
[Board "4"]
[WhiteElo "2108"]
[WhiteTeam "Brandenburg 1"]

1. c4 Nc6 2. g3 Nf6 3. Bg2 e5 4. Nf3 d6 5. O-O  Bd7 6. Nc3 Qc8 7. d4 Be7 8.
b3 O-O  9. Bb2 Re8 10. dxe5 Nxe5 11. Nxe5 dxe5 12. Nd5 Nxd5 13. cxd5 Bd6
14. e4 Qd8 15. Rc1 Qe7 16. Qc2 a5 17. f4 f6 18. fxe5 fxe5 19. Qe2 a4 20. Bf3
Ra5 21. Qd2 Raa8 22. Bc3 axb3 23. axb3 Bb5 24. Be2 Bd7 25. Ra1 Bh3 26. Rxa8
Rxa8 27. Rf3 Bc5+ 28. Kh1 Rf8 29. Qd3 Rd8  1/2-1/2

[Event "Mecklenburg-Vorpommern 1-Schleswig-Holstein 2"]
[Site "Templin"]
[Date "2017.09.28"]
[Round "4.1"]
[White "Kornrumpf, Joachim, Prof. Dr."]
[Black "Waschk, Armin"]
[Result "1/2-1/2"]
[BlackElo "2184"]
[BlackTeam "Mecklenburg-Vorpommern 1"]
[Board "1"]
[WhiteElo "2082"]
[WhiteTeam "Schleswig-Holstein 2"]

1. b3 e5 2. Bb2 Nc6 3. e3 Nf6 4. c4 d5 5. cxd5 Nxd5 6. a3 Bd6 7. d3 O-O  8.
Nf3 Be6 9. Nbd2 f5 10. Be2 Qe7 11. b4 a6 12. Qc2 Rae8  13. Nc4 Bf7 14. O-O
 g5 15. d4 e4 16. Nfe5 Bxe5 17. Nxe5  Nxe5 18. dxe5 Rd8 19. Rfd1 h6 
1/2-1/2

[Event "Mecklenburg-Vorpommern 1-Schleswig-Holstein 2"]
[Site "Templin"]
[Date "2017.09.28"]
[Round "4.2"]
[White "Dettmann, Gerd"]
[Black "Gehrmann, Rudolf-Rainer"]
[Result "1-0"]
[BlackElo "2096"]
[BlackTeam "Schleswig-Holstein 2"]
[Board "2"]
[WhiteElo "2155"]
[WhiteTeam "Mecklenburg-Vorpommern 1"]

1. e4 c5 2. Nf3 d6 3. d4 cxd4 4. Nxd4 Nf6 5. Nc3 g6 6. Be3 Bg7 7. f3 Nc6 8. Qd2
d5 9. Ndb5 dxe4 10. Qxd8+ Kxd8 11. O-O-O+ Bd7 12. fxe4 Ne8 13. Bc4 e6 14. Rhf1
Ne5 15. Bb3 b6 16. Nxa7 Rxa7 17. Bxb6+ Rc7 18. Nb5 Kc8 19. Nxc7 Nxc7 20. Bd4
Rf8 21. Bc5 Re8 22. Bd6 f5 23. exf5 exf5 24. Bxe5 Rxe5 25. Rfe1 f4 26. Rxe5
Bxe5 27. c3 g5 28. Re1 Bd6 29. h3 g4 30. hxg4 Bxg4 31. Bd1 h5 32. Bf3 Kd7 33.
Kd2 Ne6 34. a4 Nc5 35. Bd1 Bxd1 36. Rxd1 Nxa4 37. b4 h4 38. Ra1 Nb6 39. Kd3 Nd5
40. Ra7+ Ke6 41. b5 Bc5 42. Rh7 Bf2 43. c4 Nb6 44. Rc7 Nd7 45. Ke4 Be3 46. Rc6+
Ke7 47. Rh6 Nf6+ 48. Kf3 Nd7 49. Rxh4 Ne5+ 50. Ke4 Nxc4 51. Kd5 Nb6+ 52. Kc6
Nc4 53. Rh5 Ke6 54. Rh8 Na5+ 55. Kc7 Nc4 56. Rh5 Bb6+ 57. Kb7 Be3 58. Ka6 Kd6
59. Rg5 Kc7 60. Rg6 Kd7 61. Rf6 Ne5 62. b6 Ke7 63. Rh6 f3 64. b7 f2 65. Rh1 Nd7
66. Kb5 Nb8 67. Kc4 Kf6 68. Kd3 Ba7 69. Ke2 Kg5 70. Ra1 Bb6 71. Ra8 Bc7 72.
Kxf2 Kg4 73. Ra4+ Kg5 74. Kf3 Nd7 75. Rg4+ Kf5 76. Rg8  Nb8 77. g4+ Kf6 78.
Ke4 Kf7 79. Rc8 Bg3 80. Rc3 Bh2 81. Rh3 Bd6 82. Kf5 Kg7 83. Rd3 Bh2 84. Rc3 Bd6
85. g5 Kf8 86. g6 Kg7 87. Rh3 Nc6 88. Rh7+ Kg8 89. Rd7 Bg3 90. Rd3 Bh2 91. Kf6
Be5+ 92. Ke6 Kg7 93. Kd5  1-0

[Event "Mecklenburg-Vorpommern 1-Schleswig-Holstein 2"]
[Site "Templin"]
[Date "2017.09.28"]
[Round "4.3"]
[White "Hahne, Hans-Jürgen"]
[Black "Valet, Richard"]
[Result "1/2-1/2"]
[BlackElo "2023"]
[BlackTeam "Mecklenburg-Vorpommern 1"]
[Board "3"]
[WhiteElo "2085"]
[WhiteTeam "Schleswig-Holstein 2"]

1. e4 c5 2. c3 d5 3. exd5 Qxd5 4. d4 Nc6 5. Nf3 cxd4 6. cxd4 e5  7. Nc3 Bb4
8. Be2 exd4 9. O-O  Qd8 10. Nb5 Nge7 11. Nbxd4  O-O  12. Bg5 Qb6
13. Nxc6 Nxc6 14. Qc2 Bg4 15. Be3 Qa5 16. a3 Bd6 17. Rfd1 Rfd8 18. h3 Bf5 19.
Qb3 Rd7 20. Kh1 Rad8 21. Bb5 Be6 22. Qa4 Qxa4 23. Bxa4  1/2-1/2

[Event "Mecklenburg-Vorpommern 1-Schleswig-Holstein 2"]
[Site "Templin"]
[Date "2017.09.28"]
[Round "4.4"]
[White "Kliewe, Hans-Jürgen"]
[Black "Böttcher, Ulrich"]
[Result "1-0"]
[BlackElo "2032"]
[BlackTeam "Schleswig-Holstein 2"]
[Board "4"]
[WhiteElo "2037"]
[WhiteTeam "Mecklenburg-Vorpommern 1"]

1. d4 c5 2. c3 e6 3. Nf3 d5 4. Bf4 Nf6 5. e3 Nc6 6. Nbd2 a6 7. a4 cxd4 8. exd4
Be7 9. h3 O-O  10. Bd3 Bd7 11. O-O  Rc8 12. Qe2 Nh5 13. Bh2 g6 14. Qe3
Re8 15. Rfe1 Ng7 16. Qh6 f6 17. Qe3 Nf5 18. Qe2 Bf8 19. Qd1 Nd6 20. b4 Nb8 21.
Qb3 b5 22. a5 Nc4 23. Rac1 Bh6 24. Qc2 Nc6 25. Bxc4 bxc4 26. Rcd1 Bg7 27. Nf1
Na7 28. Qd2 Ba4 29. Rc1 Bc6 30. g4 Nb5 31. g5 Nd6 32. Bxd6 Qxd6 33. gxf6 Bxf6
34. Ne5 Bxe5 35. Rxe5 Rf8 36. Nh2 Rf5 37. Rce1 Rxe5 38. Rxe5 Rf8 39. Ng4 h5 40.
Qg5 Be8 41. Nf6+ Kg7 42. Nxh5+ Kh7 43. Nf4 Rf5 44. Rxf5 exf5 45. h4 Qd7 46. Qf6
Bf7 47. Nh3 Be8 48. Ng5+ Kg8 49. Qe6+ Kg7 50. Kg2  1-0

[Event "Sachsen-Anhalt-Hamburg"]
[Site "Templin"]
[Date "2017.09.28"]
[Round "4.1"]
[White "Horn, Peter"]
[Black "Liebert, Heinz"]
[Result "1/2-1/2"]
[BlackElo "2188"]
[BlackTeam "Sachsen-Anhalt"]
[Board "1"]
[WhiteElo "2099"]
[WhiteTeam "Hamburg"]

1. c4 e5 2. g3 d6 3. Bg2 Nf6 4. Nc3 Be7 5. d3 O-O  6. e4 c5 7. Nge2 Nc6 8.
O-O  Nd4 9. Nxd4 cxd4 10. Ne2 a5 11. h3 Nd7 12. Rb1 Nc5 13. f4 f5 14. b3 b6
15. Ba3 Rb8 16. Bxc5 bxc5 17. exf5 Bxf5 18. Bd5+ Kh8 19. g4 Bd7 20. fxe5 dxe5
21. Ng3 Qc7 22. Ne4 Rf4 23. Qe2 Rbf8 24. Kg2 Be8 25. Nd2 Bg6 26. Be4 Be8 27.
Bd5 Bg6 28. Be4  1/2-1/2

[Event "Sachsen-Anhalt-Hamburg"]
[Site "Templin"]
[Date "2017.09.28"]
[Round "4.2"]
[White "Köhler, Gerhard, Dr."]
[Black "Hohlfeld, Wolfgang"]
[Result "1-0"]
[BlackElo "2079"]
[BlackTeam "Hamburg"]
[Board "2"]
[WhiteElo "2192"]
[WhiteTeam "Sachsen-Anhalt"]

1. c4 Nf6 2. Nc3 c6 3. Nf3 d5 4. e3 g6 5. d4 Bg7 6. Bd3 O-O  7. O-O 
Nbd7 8. b3 e5 9. cxd5 cxd5 10. Be2 e4 11. Nd2 Nb8 12. Ba3 Re8 13. Nb5 Re6 14.
Rc1 Nc6 15. Rc2 a6 16. Nc3 b5 17. Bc5 b4 18. Na4 Rb8 19. Re1 Nd7 20. Nf1 f5 21.
Qd2 h6 22. Rec1 Kh7 23. Qd1 Bb7 24. Qe1 Bc8 25. Qd2 Rf6 26. f3 Re6 27. f4 Qf6
28. g4 g5 29. gxf5 Qxf5 30. Ng3 Qh3 31. f5 Rf6 32. Bxb4 Nxb4 33. Rxc8 Rxc8 34.
Rxc8 a5 35. a3 Nc6 36. Rc7 Rd6 37. Bb5 Ncb8 38. Nc5 Nf6 39. Ne6 Nbd7 40. Qg2
Qh4 41. Nf1 Qe1 42. Qg3 Qxg3+ 43. hxg3 Kg8 44. Ra7 Bf8 45. Rxa5 Be7 46. Ra7 Kf7
47. a4 Nb8 48. a5  1-0

[Event "Sachsen-Anhalt-Hamburg"]
[Site "Templin"]
[Date "2017.09.28"]
[Round "4.3"]
[White "Schellhorn, Wolfgang"]
[Black "Werchan, Hans, Dr."]
[Result "1-0"]
[BlackElo "2085"]
[BlackTeam "Sachsen-Anhalt"]
[Board "3"]
[WhiteElo "2081"]
[WhiteTeam "Hamburg"]

1. e4 c5 2. Nf3 d6 3. d4 cxd4 4. Nxd4 Nf6 5. Nc3 a6 6. f4 e6 7. Be2 Qc7 8. a4
Bd7 9. Be3 Nc6 10. Nb3 Na5 11. Nxa5 Qxa5 12. O-O  Bc6 13. Bd3 d5 14. e5 Ne4
15. Bxe4 dxe4 16. Qe1 g6 17. Nxe4 Qxe1 18. Nf6+ Ke7 19. Rfxe1 Kd8 20. Bb6+ Kc8
21. Red1 Be7 22. a5 h5 23. Rd4 Bd8 24. b4 Bxb6 25. axb6 Rd8 26. Rad1 Rxd4 27.
Rxd4 a5 28. Ng8 Bd7 29. b5 a4 30. Ne7+ Kd8 31. Nc6+ Ke8 32. Na7 a3 33. c4 Rd8
34. c5 a2 35. Ra4 Bxb5 36. Nxb5 Rd1+ 37. Kf2 a1=Q 38. Rxa1 Rxa1 39. c6 bxc6 40.
b7 cxb5 41. b8=Q+ Ke7 42. Qxb5 Kf8 43. Qb4+ Kg7 44. Kg3 Ra2 45. Qe4 Rd2 46. Kh4
Rd5 47. h3 Rd2 48. g4 hxg4 49. hxg4 Rd5 50. f5 gxf5 51. gxf5 Rd8 52. f6+  1-0

[Event "Sachsen-Anhalt-Hamburg"]
[Site "Templin"]
[Date "2017.09.28"]
[Round "4.4"]
[White "Liebscher, Helmar"]
[Black "Gerigk, Wolf"]
[Result "1/2-1/2"]
[BlackElo "2032"]
[BlackTeam "Hamburg"]
[Board "4"]
[WhiteElo "2089"]
[WhiteTeam "Sachsen-Anhalt"]

1. e4 c5 2. Nf3 d6 3. d4 cxd4 4. Nxd4 Nf6 5. Nc3 a6 6. h3 Nbd7 7. g4 Nc5 8. Bg2
g6 9. Be3 Bg7 10. Qd2 h5 11. g5 Nfd7 12. O-O  Ne5 13. b3 Bd7 14. f4 Nc6 15.
Rab1 O-O  16. b4 Nxd4 17. Bxd4 Bxd4+ 18. Qxd4 Ne6 19. Qe3 Bc6 20. Nd5 Bxd5
21. exd5 Ng7 22. Be4 Qc8 23. Qd3 e6 24. c4 a5 25. dxe6 Nxe6 26. bxa5 Nc5 27.
Qf3 Nxe4  1/2-1/2

[Event "Brandenburg 2-Bayern 2"]
[Site "Templin"]
[Date "2017.09.28"]
[Round "4.1"]
[White "Urytskyy, Arkadiy"]
[Black "Urban, Hans-Rainer"]
[Result "1/2-1/2"]
[BlackElo "2088"]
[BlackTeam "Brandenburg 2"]
[Board "1"]
[WhiteElo "2176"]
[WhiteTeam "Bayern 2"]

1. Nf3 Nf6 2. g3 d5 3. Bg2 e6 4. c4 c6 5. b3 Nbd7 6. Bb2 Be7 7. d3 O-O  8.
O-O  Re8 9. Nbd2 Bf8 10. d4 b6 11. Qc2 Bb7 12. e4 Nxe4 13. Nxe4 dxe4 14.
Qxe4 Rc8 15. Rad1 Qc7 16. Rfe1 c5 17. Qc2 h6 18. Re2 Rcd8 19. Red2 cxd4 20.
Bxd4 Nc5 21. Be5 Qc8 22. Rxd8 Rxd8 23. Rxd8 Qxd8 24. Qd2 Qxd2 25. Nxd2 Bxg2 26.
Kxg2 Nd7 27. Bc3 Bd6 28. Ne4 Bc7 29. Bb4 a5 30. Bd6 Bxd6 31. Nxd6 Kf8 32. Kf3
Ke7 33. Ne4 Ne5+ 34. Ke2 Kd7 35. f4 Nc6 36. c5 f5 37. Nd6 bxc5 38. Nb7 Kc7 39.
Nxc5 Kd6  1/2-1/2

[Event "Brandenburg 2-Bayern 2"]
[Site "Templin"]
[Date "2017.09.28"]
[Round "4.2"]
[White "Ellenberg, Ekkehard"]
[Black "Däubler, Heinrich"]
[Result "0-1"]
[BlackElo "2165"]
[BlackTeam "Bayern 2"]
[Board "2"]
[WhiteElo "2057"]
[WhiteTeam "Brandenburg 2"]

1. e4 g6 2. d4 Bg7 3. Nc3 d6 4. h4 h5 5. Be3 a6 6. Nh3 Bxh3 7. Rxh3 Nf6 8. f3
Nbd7 9. Qd2 c6 10. Be2 b5 11. Nd1 Nb6 12. c3 Qc7 13. Nf2 c5 14. d5 Nfd7 15. Rc1
Ne5 16. b3 Ned7 17. f4 O-O-O 18. Qc2 c4 19. Bd4 cxb3 20. axb3 Bxd4 21. cxd4
Qxc2 22. Rxc2+ Kb7 23. Rhc3 Rc8 24. Rxc8 Rxc8 25. Rxc8 Nxc8 26. Bf3 a5 27. Kd2
Kb6 28. Kc3 b4+ 29. Kb2 Na7 30. g4 hxg4 31. Bxg4 Nf6 32. Be2 Nh5 33. f5 Nf4 34.
Bc4 Ng2 35. Ng4 gxf5 36. exf5 Nxh4 37. f6 exf6 38. Nxf6 Kc7 39. Kc2 Nc8 40. Kd3
Kd8 41. Ke4 Ng6 42. Bb5 Nb6 43. Bc6 Nf8 44. Kf5 Nfd7 45. Ne4 Ke7 46. Bb5 Nxd5 
0-1

[Event "Brandenburg 2-Bayern 2"]
[Site "Templin"]
[Date "2017.09.28"]
[Round "4.3"]
[White "Hanisch, Friedrich"]
[Black "Zoll, Detlef"]
[Result "0-1"]
[BlackElo "1893"]
[BlackTeam "Brandenburg 2"]
[Board "3"]
[WhiteElo "2081"]
[WhiteTeam "Bayern 2"]

1. Nf3 Nf6 2. c4 g6 3. g3 Bg7 4. Bg2 O-O  5. d4 d6 6. O-O  c6 7. Nc3 Qc7
8. e4 Nbd7 9. h3 e5 10. d5 c5 11. Be3 a6 12. Qc2 Rb8 13. a4 b6 14. Rab1 h6 15.
Nd2 Nh5 16. Qd1 Qd8 17. Kh2 Kh7 18. Bf3 Nhf6 19. Rg1 Ng8 20. Bg2 ( 20.
Kg2)20... f5 21. exf5 gxf5 22. f4 Ne7 23. Nf3 Ng6 24. Qd2 Nf6 25. Rge1 Nh5 26.
Ne2 e4 27. Nfg1 Bd7 28. Nc3 Qe7 29. Nge2 b5 30. axb5 axb5 31. cxb5 Bxb5 32.
Nxb5 Rxb5 33. Nc3 Rb3 34. Bf1 Rfb8 35. Nd1 R3b4 36. Qc2 Nxg3 37. Bc4 Qh4 38.
Bb3 Nxf4 39. Bxf4 Qxf4 40. Kg1 Bd4+ 41. Kg2 Qf3+ 42. Kh2 Rxb3 43. Nc3 Bf2 44.
Rf1 Nxf1+ 45. Rxf1 Qg3+  0-1

[Event "Brandenburg 2-Bayern 2"]
[Site "Templin"]
[Date "2017.09.28"]
[Round "4.4"]
[White "Sawinsky, Ralf"]
[Black "Müller, Lutz"]
[Result "0-1"]
[BlackElo "2053"]
[BlackTeam "Bayern 2"]
[Board "4"]
[WhiteElo "1956"]
[WhiteTeam "Brandenburg 2"]

1. e4 g6 2. d4 Bg7 3. c4 Nc6 4. Nf3 d6 5. Be2 Bg4 6. Be3 Bxf3 7. Bxf3 e5 8. d5
Nd4 9. Qa4+ Kf8 10. Bd1 a6 11. Nd2 Nf6 12. Bxd4 exd4 13. O-O  Nd7 14. Qc2
c5 15. Rb1 Bf6 16. Qb3 Qc7 17. f4 Kg7 18. Bg4 b5 19. Bxd7 Qxd7 20. Qg3 Rac8 21.
Rbe1 Qc7 22. Re2 h5 23. h3 h4 24. Qf3 Rh5 25. b3 Kg8 26. Qd3 Qb8 27. Nf3 Bg7
28. Nh2 bxc4 29. bxc4 Qb4  0-1

[Event "Württemberg 2-Baden 2"]
[Site "Templin"]
[Date "2017.09.28"]
[Round "4.1"]
[White "Sandmeier, Toni"]
[Black "Gabriel, Josef"]
[Result "1/2-1/2"]
[BlackElo "2091"]
[BlackTeam "Württemberg 2"]
[Board "1"]
[WhiteElo "2162"]
[WhiteTeam "Baden 2"]

1. c4 e5 2. g3 Nc6 3. Bg2 Nf6 4. Nf3 Bc5 5. O-O  d6 6. e3 e4 7. Ng5 Bg4 8.
Qa4 Be2 9. Re1 Bd3 10. Nc3 Qe7 11. f3 O-O  12. Ngxe4 Nb4 13. Nxf6+ Qxf6 14.
Nd5 Nxd5 15. cxd5 b5 16. Qb3 Bc4 17. Qc3 Qxc3 18. bxc3 Bxd5 19. d4 Bb6 20. a4
bxa4 21. Rxa4 Rfe8 22. Kf2 c5 23. Bh3 Bc6 24. Ra1 Re7 25. Bd2 Rae8 26. Bf1 g6
27. Reb1 d5 28. Ra6 c4 29. Ra2 f5 30. Re1 Kg7 31. Bc1 Rb7 32. Bd2 Bc7 33. Rea1
a5 34. Be2 Reb8 35. Bd1 Rb1 36. Bc1 Rxa1 37. Rxa1 a4 38. Ke2 h5 39. Ba3 Kf6 40.
Bb4 Ra8 41. Kd2 h4 42. f4 hxg3 43. hxg3 Rh8 44. Bxa4 Ra8 45. Bxc6 Rxa1 46. Bxd5
Ra2+ 47. Kd1 g5 48. Bxc4 Rg2 49. Bd5 Rxg3 50. fxg5+ Kxg5 51. Ke2 Kf6 52. c4 Rh3
53. Bg2 Rh2 54. Kf3 Rh4 55. Be1 Rh8 56. c5 Rb8 57. Bh4+ Ke6 58. Kf2 Rb2+ 59.
Kf1 Rb1+ 60. Ke2 Rb2+ 61. Kf1 Ba5 62. d5+ Kf7 63. Bg3 Bb4 64. c6 Rb1+ 65. Ke2
Rb2+ 66. Kf1 Rb1+ 67. Ke2 Rb2+  1/2-1/2

[Event "Württemberg 2-Baden 2"]
[Site "Templin"]
[Date "2017.09.28"]
[Round "4.2"]
[White "Wolf, Walter"]
[Black "Dekan, Hans"]
[Result "0-1"]
[BlackElo "2152"]
[BlackTeam "Baden 2"]
[Board "2"]
[WhiteElo "2110"]
[WhiteTeam "Württemberg 2"]

1. e4 c5 2. Nf3 Nc6 3. Bb5 g6 4. O-O  Bg7 5. c3 a6 6. Ba4 b5 7. Bc2 d5 8. a4
b4 9. Re1 d4 10. cxd4 Nxd4 11. Nxd4 Bxd4 12. d3 Nf6 13. Qe2 Ng4 14. Rf1 Qd6 15.
g3 h5 16. Bf4 e5 17. Be3 Bxb2 18. Ra2 Bd4 19. Nd2 Be6 20. Bb3 h4 21. Bxd4 cxd4
22. Nc4 Qe7 23. f3 hxg3 24. fxg4 Rxh2 25. Qf3 Qh4 26. Nd6+ Kd7 27. Bxe6+ Kxd6
28. Bd5 f5 29. Bxa8 Rxa2 30. Qh1 Qxh1+  0-1

[Event "Württemberg 2-Baden 2"]
[Site "Templin"]
[Date "2017.09.28"]
[Round "4.4"]
[White "Keller, Harald"]
[Black "Fugmann, Bernd"]
[Result "1/2-1/2"]
[BlackElo "1971"]
[BlackTeam "Baden 2"]
[Board "4"]
[WhiteElo "2077"]
[WhiteTeam "Württemberg 2"]

1. e4 c5 2. Nc3 Nc6 3. g3 g6 4. Bg2 Bg7 5. d3 d6 6. f4 e6 7. Nf3 Nge7 8. O-O
 O-O  9. Be3 Nd4 10. Rb1 Nec6 11. Ne2 f5 12. c3 Nxf3+ 13. Bxf3 Qe7 14.
Qd2 Rb8 15. d4 Na5 16. b3 b6 17. Rbd1 Bb7 18. exf5 Bxf3 19. Rxf3 exf5 20. Bf2
Rfe8 21. Re3 Qf7  1/2-1/2

[Event "Mecklenburg-Vorpommern 2-Rheinland-Pfalz 2"]
[Site "Templin"]
[Date "2017.09.28"]
[Round "4.1"]
[White "Esswein, Karlheinz"]
[Black "Krüger, Horst"]
[Result "1/2-1/2"]
[BlackElo "2036"]
[BlackTeam "Mecklenburg-Vorpommern 2"]
[Board "1"]
[WhiteElo "2092"]
[WhiteTeam "Rheinland-Pfalz 2"]

1. e4 c5 2. Nf3 d6 3. c3 Nf6 4. Bd3 Nc6 5. O-O  e6 6. Re1 Be7 7. Na3 a6 8.
Nc2 O-O  9. Bf1 b5 10. d4 d5 11. e5 Nd7 12. a4 b4 13. cxb4 c4 14. Bd2 Rb8
15. h4 Nxb4 16. Bg5 h6 17. Bxe7 Qxe7 18. Ne3 a5 19. Ra3 Nb6 20. Ng4 Bd7 21. Qd2
h5 22. Nf6+ gxf6 23. exf6 Qxf6 24. Ne5 Kh8 25. Rf3 Qh6 26. Ree3 f6 27. Nxd7
Nxd7 28. Qd1 f5 29. Rg3 Rg8 30. Rg5 Rxg5 31. hxg5 Qxg5 32. Rg3 Qh6 33. Rh3 Nf6
34. Be2 Kg7 35. Bxh5 Nxh5 36. Rxh5 Qf4 37. Rh3 Rh8 38. Rg3+ Kf6 39. Qe1 Nd3 40.
Rg6+ Kxg6 41. Qxe6+ Kg7 42. Qe7+ Kg6 43. Qe6+ Kg5 44. Qe7+  1/2-1/2

[Event "Mecklenburg-Vorpommern 2-Rheinland-Pfalz 2"]
[Site "Templin"]
[Date "2017.09.28"]
[Round "4.2"]
[White "Wiemer, Jürgen"]
[Black "Schwertel, Johann"]
[Result "1/2-1/2"]
[BlackElo "1930"]
[BlackTeam "Rheinland-Pfalz 2"]
[Board "2"]
[WhiteElo "2028"]
[WhiteTeam "Mecklenburg-Vorpommern 2"]

1. e4 c6 2. d4 d5 3. e5 e6 4. c3 c5 5. a3 Nc6 6. f4 Nh6 7. Nf3 Nf5 8. g4 Nh4 9.
Be3 Nxf3+ 10. Qxf3 cxd4 11. cxd4 Qb6 12. Qf2 Bd7 13. b4 Rc8 14. Be2 Be7 15. O-O
 f5 16. Nd2 O-O  17. gxf5 exf5 18. Nb3 Qd8 19. Nc5 b6 20. Nxd7 Qxd7 21.
Bf3 Bd8 22. h4 b5 23. h5 Bb6 24. Rad1 Ne7 25. Rd3 Rc4 26. Kh2 Rc6 27. Kg1 Kh8
28. Qg2 g6 29. h6 Rfc8 30. Bd2 Rc4 31. Be3 R4c6 32. Bf2 Rc2 33. Rdd1 R8c3 34.
Rfe1 Qe6 35. Be2 a6 36. Bh4 Ng8 37. Qg5 Rc8 38. Rd3 Bc7 39. Qg3 Nxh6 { Remis
nach weiteren Zuegen (nicht rekonstruierbar)}   1/2-1/2

[Event "Mecklenburg-Vorpommern 2-Rheinland-Pfalz 2"]
[Site "Templin"]
[Date "2017.09.28"]
[Round "4.3"]
[White "Schowalter, Gerd"]
[Black "Nauschütz, Ernst"]
[Result "0-1"]
[BlackElo "1966"]
[BlackTeam "Mecklenburg-Vorpommern 2"]
[Board "3"]
[WhiteElo "1946"]
[WhiteTeam "Rheinland-Pfalz 2"]

1. d4 Nf6 2. Bf4 d5 3. e3 c5 4. c3 e6  5. Nd2 Bd6 6. Bg3 Nc6 7. dxc5 Bxc5 8.
Nb3 Bb6 9. Nf3 O-O  10. Bd3 Bc7 11. Bh4 Qd6 12. Bxf6 gxf6 13. Nfd4 Ne5 14.
Bc2 a6 15. Qh5 Ng6 16. h4 Kh8 17. Qf3 f5 18. O-O-O Ne5 19. Qe2 Rg8 20. Rdg1 Bd7
21. Nd2 Rg7 22. N2f3 f6 23. h5 b5 24. Nxe5 fxe5 25. h6 Rg6 26. Nb3 Rag8 27. f3
Rg3 28. Nd2 Bb6 29. Nf1 R3g5 30. Rh2 b4 31. cxb4 Bb5 32. Bd3 Qxb4 33. Bxb5 axb5
34. Kb1 Ra8 35. Rgh1 Rgg8 36. b3 Rgc8 37. Rh4 d4 38. Ng3 Qc3 39. exd4 Bxd4 40.
Rxd4 Qxd4 41. Rd1 Qc5 42. Nh5 Ra6 43. Qd2 Qe7 44. Qd7 Qxd7 45. Rxd7 Rac6 46.
Nf6 R6c7 47. Rd1 Rf7 48. Nh5 Rg8 49. Ng7 Rf6 50. Rh1 Rg6 51. Rh2 Rd8 52. Kc2 b4
53. Kc1 Kg8 54. Kc2 Kf7 55. Kc1 e4 56. fxe4 fxe4 57. Rh4 Rd4 58. Rh2 Kf6 59.
Nh5+ Kg5 60. Ng3 Kg4 61. Ne2 Rd3 62. Kc2 Rf6 63. g3 e5 64. Rh4+ Kf3 65. Ng1+
Ke3 66. Nh3  0-1

[Event "Mecklenburg-Vorpommern 2-Rheinland-Pfalz 2"]
[Site "Templin"]
[Date "2017.09.28"]
[Round "4.4"]
[White "Krüger, Gerhard"]
[Black "Ranker, Klemens"]
[Result "1-0"]
[BlackElo "1835"]
[BlackTeam "Rheinland-Pfalz 2"]
[Board "4"]
[WhiteElo "1978"]
[WhiteTeam "Mecklenburg-Vorpommern 2"]

1. e4 c5 2. Nf3 Nc6 3. d4 cxd4  4. Nxd4 d6 5. c4 g6 6. Nc3 Bg7 7. Be3 Nf6 8.
f3 O-O  9. Qd2 Bd7 10. Be2 Ne5 11. O-O  Rc8 12. b3 a6 13. Rac1 h5 14.
h3 Kh7 15. f4 Nc6 16. Nf3 Bh6 17. Rfd1 Qa5 18. Bd3 Nb4 19. Bb1 Qc7 20. c5 Ne8
21. cxd6 Qxd6 22. Qf2 Qe6 23. f5 Bxe3 24. Qxe3 Qc6 25. Ne5  1-0